000 01214nam a2200325 i 4500
001 000014776
003 DO-SdBNP
005 20240412074242.0
007 ta
008 100122e2009 dr c gr 001 pdspa d
020 _a9789945857269
040 _aDO-SdBNP
_bspa
_cBNPHU
_erda
082 4 _aRD861.4
_bA452a
_222
100 1 _aAlmonte, Francisco,
_d1872-1962
_933501
245 1 3 _aLa atesorada luz poética de Juan de Jesús Reyes :
_b(¡si atesorara luz el sentimiento mío!). /
_cFrancisco Almonte ; prólogo Manuel Mora Serrano.
264 3 3 _aSanto Domingo :
_bLozano,
_c2009.
300 _a339 páginas :
_bretrato ;
_c23 cm.
336 _2rdacontent
_atexto
_btxt
337 _2rdamedia
_asin mediación
_bn
338 _2rdacarrier
_avolumen
_bnc
500 _aIncluye datos biográficos del autor en la contracubierta
500 _aIncluye referencias bibliografícas y notas al pié de las páginas
590 _aInventariado 2023 / MF
600 1 4 _955837
_aReyes, Juan de Jesús,
_d1872-1962
650 4 _aPoesía dominicana
_966
650 0 _aLiteratura dominicana.
_967
700 1 _aMora Serrano, Manuel,
_c1933-
_eprólogo
_95162
910 _aValidado. Control de calidad/MAA
942 _2ddc
_cLBS1
999 _c14359
_d14359